Tala /
Guardado en:
| Autor Principal: | |
|---|---|
| Formato: | Libro |
| Publicado: |
Buenos Aires :
Losada, 0
|
| Materias: | |
| Etiquetas: |
Agregar Etiqueta
Sin Etiquetas, Sea el primero en etiquetar este registro!
|
| LEADER | 00419nam a22001455a 4500 | ||
|---|---|---|---|
| 001 | EHU.bham019213 | ||
| 003 | AR-BHAM | ||
| 005 | 20101116172942.0 | ||
| 008 | 130507b######################000#0#####d | ||
| 082 | C | H | |a 861.4 |
| 100 | 1 | |a Mistral, Gabriela | |
| 245 | 1 | 0 | |a Tala / |c Gabriela Mistral |
| 260 | |a Buenos Aires : |b Losada, 0 | ||
| 653 | |a Poesia chilena-1911- | ||
| 859 | |a AR-BHAM |b BIB. HUMANIDADES - General |h CH861.4 |i M691 |k CH |p 144.71 |t Ej.1 | ||
